000
00345nam a22001457a 4500
008
230516b ||||| |||| 00| 0 eng d
020
_a
0742516601
041
_a
eng
080
_a
330.72
082
_a
330.72BER
100
_a
23
101
_a
GLOB
245
_a
LABOR AND CAPITAL IN THE AGE OF GLOBALIZATION
_c
BERBEROGLU.B
942
_2
udc
_c
BK
999
_c
59750
_d
59750